000 00802cab a2200241 4500
001 ABS57936
008 090401t1997 xxu||||| |||| 00| 0 eng d
035 _a(Sirsi) u82047
041 _aeng
245 _aFocus: Public access to farmland(5) - ploughing up rights of way
260 _c1997
350 _a0
490 _aFarm Law
_v(25) October 1997, 10-15(6)
520 _aHistorical and present day look at the law concerning public access to farmland, in particular the rights and obligations placed on landowners by the Highways Act 1980 s134. Case law.
650 _aFARMLAND
650 _aFOOTPATHS
650 _aHIGHWAYS ACT 1980 S134
650 _aPUBLIC ACCESS
650 _aRIGHTS OF WAY
690 _aHIGHWAYS RIGHTS OF WAY AND EASEMENTS
942 _n0
948 _c13/11/1997
999 _c51741
_d51741